| 000 | 00725nam a2200205 a 4500 | ||
|---|---|---|---|
| 005 | 20250116063906.0 | ||
| 008 | 020110s1996 es r 000 0 spa d | ||
| 020 | _a8487118682 | ||
| 035 | _aUPN01000114502 | ||
| 049 | _aCG | ||
| 050 | 4 |
_aLB1601.5 _bC8.2 |
|
| 245 | 0 | 4 |
_aLos cuadernos de los alumnos : _buna evaluación del currículo real / _cJesús Miguel Grilles Rodríguez ... [et al.]. |
| 260 |
_aSevilla, Esp. : _bMinisterio de Educación y Cultura : _bDíada, _c1996. |
||
| 300 | _a98 p. | ||
| 440 | 0 |
_aInvestigación y enseñanza. _pPráctica ; _v13 |
|
| 650 | 2 |
_aAnotaciones _94749 |
|
| 650 | 4 |
_aEducación _zChile _vPlanes y programas _911818 |
|
| 700 | 1 |
_aGrilles Rodríguez, Jesús Miguel, _ecoaut. |
|
| 905 | _aLibro | ||
| 999 |
_c88409 _d88409 |
||